[Event "HUN-chT U18"]
[Site "Budapest"]
[Date "2012.10.28"]
[Round "1.17"]
[White "Gerencser, Bendeguz"]
[Black "Kassay, Krisztian"]
[Result "0-1"]
[WhiteElo "1636"]
[BlackElo "1850"]
[PlyCount "50"]
[EventDate "2012.10.28"]
[EventType "team-swiss"]
[EventRounds "8"]
[EventCountry "HUN"]
[SourceTitle "EXT 2020"]
[Source "ChessBase"]
[SourceDate "2019.10.17"]
[SourceVersion "1"]
[SourceVersionDate "2019.10.17"]
[SourceQuality "1"]

1. d4 e6 2. c4 c5 3. d5 exd5 4. cxd5 d6 5. e4 g6 6. Nc3 a6 7. Nf3 Bg7 8. Be2 Nh6 9. Bf4 f6 10. h3 0-0 11. 0-0 Nf7 12. Rb1 f5 13. Bd3 g5 14. Bh2 g4 15. hxg4 fxg4 16. Nd2 Be5 17. Bxe5 Nxe5 18. Be2 Qg5 19. g3 Rf6 20. Kg2 h5 21. Rh1 Rh6 22. Rh4 Ng6 23. f4 Nxf4+ 24. Kf2 Nh3+ 25. Kg2 Rf6 0-1